000 01386nam a2200337Ia 4500
001 ebr10364080
003 CaPaEBR
006 m u
007 cr cn|||||||||
008 090915s2009 ne sb 001 0 eng d
010 _z 2009037609
020 _z9789027238146 (hb : alk. paper)
020 _z9789027288790 (eb : alk. paper)
040 _aCaPaEBR
_cCaPaEBR
035 _a(OCoLC)649901722
050 1 4 _aPK8463
_b.T73 2009eb
082 0 4 _a491/.9925
_222
100 1 _aDum-Tragut, Jasmine.
245 1 0 _aArmenian
_h[electronic resource] :
_bModern Eastern Armenian /
_cJasmine Dum-Tragut.
260 _aAmsterdam ;
_aPhiladelphia :
_bJohn Benjamins Pub. Co.,
_cc2009.
300 _axiv, 742 p.
490 1 _aLondon Oriental and African language library ;
_vv. 14
504 _aIncludes bibliographical references and index.
533 _aElectronic reproduction.
_bPalo Alto, Calif. :
_cebrary,
_d2011.
_nAvailable via World Wide Web.
_nAccess may be limited to ebrary affiliated libraries.
650 0 _aArmenian language, Modern
_xGrammar.
650 0 _aEast Armenian dialect
_xGrammar.
655 7 _aElectronic books.
_2local
710 2 _aebrary, Inc.
830 0 _aLondon Oriental and African language library ;
_vv. 14.
856 4 0 _uhttp://site.ebrary.com/lib/rucke/Doc?id=10364080
_zAn electronic book accessible through the World Wide Web; click to view
999 _c111270
_d111270